Digit Substitution - Statistics

General Stats
  • This quiz has been taken 12,392 times
  • The average score is 10 of 15
Answer Stats
Digits Word % Correct
2 5 4 bed
90%
2 5 5 bee
90%
1 4 4 add
89%
2 1 4 bad
88%
5 7 7 egg
87%
1 9 4 aid
86%
1 12 12 all
86%
2 1 14 ban
86%
1 3 20 act
85%
2 1 2 5 babe
85%
5 25 5 eye
85%
6 1 4 fad
85%
1 7 5 age
84%
4 9 4 did
84%
7 9 7 gig
84%
2 5 1 14 bean
83%
4 5 1 6 deaf
83%
4 1 13 5 dame
82%
4 1 20 1 data
82%
4 15 5 doe
82%
5 1 18 ear
82%
6 1 20 5 fate
82%
12 1 4 lad
82%
5 1 20 eat
81%
5 5 12 eel
81%
7 1 16 gap
81%
2 1 14 7 bang
80%
5 11 5 eke
80%
5 14 4 end
80%
5 22 5 eve
80%
6 9 14 fin
80%
1 2 1 20 5 abate
79%
1 19 8 ash
79%
2 1 20 8 bath
79%
3 1 12 12 call
79%
3 5 14 20 cent
79%
4 1 4 4 25 daddy
79%
4 9 5 4 died
79%
8 21 2 hub
79%
15 4 5 ode
79%
15 6 6 off
79%
3 1 19 5 case
78%
6 9 20 fit
78%
9 14 14 inn
78%
13 1 14 man
78%
18 5 4 red
78%
2 5 14 4 bend
77%
2 15 23 bow
77%
3 1 18 5 care
77%
3 15 15 12 cool
77%
4 5 5 16 deep
77%
6 5 5 12 feel
77%
7 5 13 gem
77%
10 1 3 11 jack
77%
18 1 16 rap
77%
2 1 3 15 14 bacon
76%
2 1 19 19 bass
76%
2 9 20 5 bite
76%
3 18 25 cry
76%
4 1 14 3 5 dance
76%
4 15 7 dog
76%
6 1 13 5 fame
76%
8 9 13 him
76%
8 9 19 his
76%
8 9 20 hit
76%
10 9 7 jig
76%
15 4 4 odd
76%
26 1 16 zap
76%
1 18 20 art
75%
3 8 9 16 chip
75%
6 1 11 5 fake
75%
6 5 23 few
75%
6 9 24 fix
75%
8 1 12 12 hall
75%
10 1 4 5 jade
75%
19 1 20 sat
75%
2 5 14 20 bent
74%
6 12 25 fly
74%
8 1 20 hat
74%
10 5 20 jet
74%
19 16 1 spa
74%
20 1 24 tax
74%
22 1 20 vat
74%
25 5 19 yes
74%
3 8 9 5 6 chief
73%
11 5 5 14 keen
73%
12 1 2 19 labs
73%
12 1 3 5 lace
73%
13 1 25 may
73%
1 4 13 9 14 admin
72%
1 12 15 14 7 along
72%
1 12 16 8 1 alpha
72%
4 9 18 20 dirt
72%
6 15 15 4 food
72%
8 1 18 20 hart
72%
8 1 20 5 hate
72%
13 5 20 met
72%
16 9 5 pie
72%
16 15 16 pop
72%
18 15 2 rob
72%
19 5 5 14 seen
72%
2 15 14 4 bond
71%
2 21 4 4 25 buddy
71%
3 15 18 4 cord
71%
5 1 18 14 earn
71%
7 1 16 19 gaps
71%
7 21 14 gun
71%
8 1 22 5 have
71%
8 15 15 4 hood
71%
12 1 13 16 lamp
71%
13 9 24 mix
71%
18 5 1 4 read
71%
19 5 5 19 sees
71%
20 21 2 tub
71%
1 9 19 12 5 aisle
70%
1 13 2 5 18 amber
70%
1 14 7 5 18 anger
70%
2 12 1 14 11 blank
70%
3 15 18 14 corn
70%
4 5 12 1 25 delay
70%
4 9 19 11 disk
70%
6 9 18 19 20 first
70%
8 15 15 11 hook
70%
11 9 20 kit
70%
12 5 1 6 leaf
70%
12 9 4 lid
70%
12 9 16 lip
70%
19 9 20 sit
70%
20 21 2 1 tuba
70%
1 7 9 14 7 aging
69%
1 12 20 15 alto
69%
1 18 13 19 arms
69%
2 5 1 14 19 beans
69%
2 5 1 20 19 beats
69%
2 5 9 14 7 being
69%
2 12 21 5 blue
69%
3 8 1 9 18 chair
69%
3 15 16 5 cope
69%
3 18 15 16 crop
69%
5 1 7 12 5 eagle
69%
6 9 19 20 fist
69%
8 1 12 15 halo
69%
12 1 14 5 lane
69%
18 1 18 5 rare
69%
18 21 7 rug
69%
19 9 4 5 side
69%
20 1 24 9 taxi
69%
1 21 20 15 auto
68%
2 5 1 19 20 beast
68%
3 8 5 19 20 chest
68%
4 15 12 12 doll
68%
4 21 15 duo
68%
4 21 20 3 8 dutch
68%
6 9 2 5 18 fiber
68%
6 12 1 20 flat
68%
7 5 20 19 gets
68%
9 14 11 ink
68%
9 22 25 ivy
68%
12 1 9 4 laid
68%
12 5 1 14 lean
68%
12 5 22 25 levy
68%
13 15 15 4 mood
68%
14 1 9 12 nail
68%
19 3 1 14 scan
68%
20 1 16 5 tape
68%
2 15 1 18 4 board
67%
2 18 9 5 6 brief
67%
3 1 18 15 12 carol
67%
3 1 20 3 8 catch
67%
3 25 3 12 5 cycle
67%
5 16 9 3 epic
67%
8 1 18 13 harm
67%
8 15 12 5 hole
67%
9 15 14 ion
67%
11 9 19 19 kiss
67%
13 1 20 8 math
67%
14 15 4 5 node
67%
16 9 14 5 pine
67%
19 1 12 1 4 salad
67%
19 5 24 25 sexy
67%
19 20 1 11 5 stake
67%
20 5 1 18 tear
67%
20 15 12 12 toll
67%
23 9 12 12 will
67%
26 9 14 3 zinc
67%
1 12 20 5 18 alter
66%
1 18 13 25 army
66%
2 5 12 15 23 below
66%
4 18 1 6 20 draft
66%
4 21 13 2 dumb
66%
6 1 9 18 25 fairy
66%
6 9 12 13 19 films
66%
8 5 14 3 5 hence
66%
12 5 1 4 19 leads
66%
15 1 19 9 19 oasis
66%
15 9 12 oil
66%
19 9 24 six
66%
19 16 1 13 spam
66%
20 8 9 14 thin
66%
23 5 12 12 well
66%
1 4 21 12 20 adult
65%
1 14 7 5 12 angel
65%
1 21 4 9 15 audio
65%
2 21 7 19 bugs
65%
3 9 20 5 4 cited
65%
3 15 14 4 15 condo
65%
3 18 1 16 19 craps
65%
3 18 5 23 crew
65%
3 21 2 9 3 cubic
65%
5 12 4 5 18 elder
65%
6 9 7 8 20 fight
65%
6 21 14 4 fund
65%
7 14 21 gnu
65%
8 5 12 16 help
65%
13 1 18 11 mark
65%
15 18 1 12 oral
65%
16 15 15 12 pool
65%
18 1 14 4 rand
65%
19 1 14 4 sand
65%
20 5 14 4 tend
65%
20 8 1 20 that
65%
20 9 12 12 till
65%
22 5 24 vex
65%
23 1 7 5 wage
65%
23 1 22 5 wave
65%
2 12 9 14 4 blind
64%
3 8 15 19 5 chose
64%
3 15 12 15 14 colon
64%
4 15 23 14 down
64%
6 9 6 20 8 fifth
64%
6 9 24 5 4 fixed
64%
7 18 1 25 gray
64%
12 9 20 5 lite
64%
13 1 12 5 19 males
64%
13 1 16 19 maps
64%
14 1 22 1 12 naval
64%
14 9 3 11 nick
64%
14 15 19 5 nose
64%
16 1 14 4 1 panda
64%
16 1 16 5 18 paper
64%
16 5 1 19 peas
64%
16 15 14 4 pond
64%
18 1 3 5 19 races
64%
18 1 14 11 rank
64%
19 5 13 9 semi
64%
19 20 21 4 stud
64%
22 1 18 25 vary
64%
23 8 15 who
64%
23 15 23 wow
64%
26 9 16 zip
64%
1 12 9 1 19 alias
63%
1 18 9 19 5 arise
63%
3 8 1 15 19 chaos
63%
3 15 4 5 19 codes
63%
5 24 1 13 19 exams
63%
7 18 1 19 19 grass
63%
8 9 14 20 hint
63%
12 5 14 19 lens
63%
13 21 3 8 much
63%
14 1 9 12 19 nails
63%
14 5 3 11 neck
63%
14 15 23 now
63%
18 15 15 6 roof
63%
19 8 5 12 12 shell
63%
19 15 14 son
63%
19 21 3 8 such
63%
23 1 20 20 watt
63%
25 1 18 14 yarn
63%
1 12 15 14 5 alone
62%
2 12 21 5 19 blues
62%
2 21 25 5 18 buyer
62%
5 14 10 15 25 enjoy
62%
6 12 9 16 flip
62%
6 12 15 15 4 flood
62%
7 9 22 5 give
62%
7 18 9 16 grip
62%
8 15 16 5 hope
62%
13 5 13 15 memo
62%
13 9 14 5 mine
62%
16 1 19 19 pass
62%
18 21 14 run
62%
19 8 1 4 5 shade
62%
19 8 9 16 ship
62%
19 20 1 13 16 stamp
62%
20 15 15 20 8 tooth
62%
20 18 21 5 true
62%
20 21 14 1 tuna
62%
26 5 18 15 zero
62%
3 12 15 21 4 cloud
61%
3 15 22 5 18 cover
61%
4 9 19 3 15 disco
61%
6 15 18 13 form
61%
7 15 12 6 golf
61%
7 18 5 5 14 green
61%
8 1 14 4 25 handy
61%
8 5 18 2 19 herbs
61%
8 15 16 5 4 hoped
61%
10 5 19 20 jest
61%
13 1 14 7 1 manga
61%
16 1 14 5 12 panel
61%
19 1 6 5 18 safer
61%
19 9 4 5 19 sides
61%
19 16 5 5 4 speed
61%
20 8 5 6 20 theft
61%
20 9 7 8 20 tight
61%
23 1 11 5 wake
61%
1 21 4 9 20 audit
60%
2 18 15 15 11 brook
60%
3 15 12 15 18 color
60%
5 12 9 20 5 elite
60%
6 15 21 12 foul
60%
7 1 20 5 19 gates
60%
7 18 1 22 5 grave
60%
8 1 18 18 25 harry
60%
8 15 18 14 horn
60%
8 15 19 20 host
60%
8 21 13 1 14 human
60%
10 5 20 19 jets
60%
10 9 6 6 25 jiffy
60%
11 14 9 20 knit
60%
12 1 14 4 19 lands
60%
13 1 3 18 15 macro
60%
13 1 14 25 many
60%
13 5 1 12 19 meals
60%
16 5 5 18 19 peers
60%
16 9 5 3 5 piece
60%
16 15 5 13 poem
60%
16 15 12 12 19 polls
60%
18 1 25 19 rays
60%
18 5 6 5 18 refer
60%
18 9 19 5 rise
60%
19 1 13 2 1 samba
60%
19 3 21 2 1 scuba
60%
19 9 7 14 sign
60%
19 9 20 5 site
60%
19 20 15 15 4 stood
60%
19 20 15 16 stop
60%
19 20 21 3 11 stuck
60%
20 5 12 12 19 tells
60%
20 15 14 25 tony
60%
22 9 12 12 1 villa
60%
3 8 21 14 11 chunk
59%
4 18 25 5 18 dryer
59%
5 24 9 19 20 exist
59%
6 15 21 18 four
59%
10 9 13 13 25 jimmy
59%
12 9 15 14 lion
59%
13 5 19 8 mesh
59%
13 9 12 12 mill
59%
13 21 13 13 25 mummy
59%
15 16 5 14 19 opens
59%
16 1 14 20 19 pants
59%
16 1 18 20 19 parts
59%
16 9 12 12 pill
59%
16 15 12 15 polo
59%
16 18 1 25 pray
59%
16 21 12 12 pull
59%
18 1 14 3 8 ranch
59%
19 9 12 12 25 silly
59%
19 20 9 12 12 still
59%
20 21 18 2 15 turbo
59%
3 21 18 22 5 curve
58%
6 12 5 19 8 flesh
58%
7 18 1 16 8 graph
58%
8 15 12 25 holy
58%
8 15 21 18 hour
58%
9 7 12 15 15 igloo
58%
11 9 20 19 kits
58%
11 15 15 11 25 kooky
58%
12 15 14 7 long
58%
12 21 14 7 lung
58%
13 5 1 14 20 meant
58%
18 5 12 25 rely
58%
18 15 12 12 19 rolls
58%
18 15 15 20 19 roots
58%
18 21 19 8 rush
58%
19 8 9 14 5 shine
58%
19 9 20 5 19 sites
58%
19 12 1 22 5 slave
58%
19 15 18 20 sort
58%
19 20 5 1 12 steal
58%
20 9 13 5 18 timer
58%
20 18 9 1 12 trial
58%
21 7 12 25 ugly
58%
22 9 19 9 20 visit
58%
13 5 18 9 20 merit
57%
13 15 14 5 25 money
57%
16 8 1 19 5 phase
57%
16 9 26 26 1 pizza
57%
17 21 5 5 14 queen
57%
18 1 14 4 25 randy
57%
18 9 7 8 20 right
57%
18 9 19 11 risk
57%
19 8 1 11 5 shake
57%
19 8 1 13 5 shame
57%
19 20 1 18 19 stars
57%
19 25 14 3 sync
57%
20 8 5 13 5 theme
57%
20 18 1 19 8 trash
57%
20 23 9 14 19 twins
57%
22 15 9 3 5 voice
57%
23 8 15 13 whom
57%
23 9 20 8 with
57%
23 15 12 6 wolf
57%
26 5 19 20 zest
57%
5 24 20 18 1 extra
56%
6 15 18 20 25 forty
56%
7 21 5 19 20 guest
56%
12 5 22 5 12 level
56%
13 1 18 11 19 marks
56%
13 5 18 3 25 mercy
56%
14 15 2 12 5 noble
56%
15 26 15 14 5 ozone
56%
16 18 9 3 5 price
56%
17 21 1 25 quay
56%
18 5 12 1 25 relay
56%
18 21 14 19 runs
56%
19 12 15 23 slow
56%
19 13 15 11 5 smoke
56%
19 15 12 15 solo
56%
19 17 21 1 4 squad
56%
20 1 12 11 19 talks
56%
20 25 16 5 19 types
56%
22 9 14 25 12 vinyl
56%
23 1 18 13 warm
56%
23 9 20 3 8 witch
56%
3 18 15 23 4 crowd
55%
7 9 22 5 19 gives
55%
12 9 22 5 4 lived
55%
12 21 20 26 lutz
55%
13 5 14 21 menu
55%
13 21 19 20 must
55%
14 21 20 19 nuts
55%
16 12 21 7 plug
55%
16 15 12 11 1 polka
55%
17 21 9 26 quiz
55%
19 5 22 5 14 seven
55%
19 20 25 12 5 style
55%
21 18 7 5 urge
55%
23 1 20 3 8 watch
55%
23 9 19 8 wish
55%
23 15 18 19 5 worse
55%
8 21 14 20 hunt
54%
11 9 12 12 19 kills
54%
12 9 7 8 20 light
54%
12 9 14 11 19 links
54%
12 15 20 19 lots
54%
15 12 9 22 5 olive
54%
15 20 8 5 18 other
54%
16 12 1 14 19 plans
54%
16 18 15 21 4 proud
54%
16 21 16 16 25 puppy
54%
17 21 9 20 quit
54%
18 5 13 9 24 remix
54%
20 8 15 14 7 thong
54%
20 15 21 3 8 touch
54%
20 18 9 2 5 tribe
54%
22 5 14 21 5 venue
54%
23 15 15 12 wool
54%
23 18 1 16 wrap
54%
4 18 9 22 5 drive
53%
12 9 14 5 19 lines
53%
13 9 24 5 18 mixer
53%
15 18 4 5 18 order
53%
15 23 14 19 owns
53%
16 5 14 14 25 penny
53%
19 21 18 5 sure
53%
20 15 16 19 tops
53%
21 14 3 12 5 uncle
53%
21 19 5 18 19 users
53%
25 21 18 20 yurt
53%
19 8 15 18 20 short
52%
20 23 9 19 20 twist
52%
23 8 1 12 5 whale
52%
23 15 18 11 work
52%
9 14 20 15 into
51%
13 5 20 18 15 metro
51%
13 21 19 9 3 music
51%
16 15 11 5 18 poker
51%
17 21 1 3 11 quack
51%
19 16 15 11 5 spoke
51%
21 14 9 20 19 units
51%
6 21 14 11 25 funky
50%
13 9 14 21 19 minus
50%
15 21 7 8 20 ought
50%
15 23 14 5 18 owner
50%
16 1 20 8 19 paths
50%
18 15 21 7 5 rouge
50%
14 21 18 19 5 nurse
49%
18 9 19 11 19 risks
49%
19 23 9 14 7 swing
49%
20 18 21 12 25 truly
49%
23 8 5 18 5 where
48%
23 15 18 20 8 worth
48%
16 21 14 11 punk
47%
20 15 11 5 14 token
47%
22 9 18 21 19 virus
47%
23 15 18 19 20 worst
47%
13 21 18 11 25 murky
45%
18 15 21 14 4 round
45%
No matching quizzes found
Score Distribution
Percent of People with Each Score
Percentile by Number Answered
Your Score History
You have not taken this quiz